| 000 | 00506nam a22001817a 4500 | ||
|---|---|---|---|
| 003 | 0 | ||
| 005 | 20260113114224.0 | ||
| 008 | 260113b xxu||||| |||| 00| 0 eng d | ||
| 020 | _a978-1-78097-995-3 | ||
| 082 |
_aREF 796.334 _bB464 2017 |
||
| 245 | _aWorld football infographics | ||
| 250 | _a2nd ed. | ||
| 260 |
_aLondon : _bCarlton Books Limited, _c2017. |
||
| 300 |
_a176 pages : _bcolored illustrations ; _c29 cm. |
||
| 650 | _aSoccer. | ||
| 650 |
_aSoccer _xCharts, diagrams, etc. |
||
| 942 |
_2ddc _cBK |
||
| 999 |
_c368692 _d368692 |
||